| 000 | 00540nam a22001577a 4500 | ||
|---|---|---|---|
| 008 | 230530b |||||||| |||| 00| 0 eng d | ||
| 020 | _a9781955101189 | ||
| 050 |
_aHB172 _b.E44 2020 |
||
| 100 | _aEmerson, Patrick M. | ||
| 245 |
_aIntermediate microeconomics/ _cPatrick M. Emerson, Oregon State University |
||
| 260 |
_aCorvallis, OR, _bOregon State University, _c 2020. |
||
| 300 |
_a480p. : _bill. ; _c28cm |
||
| 440 | _aOpen educational resources | ||
| 650 | _aMicroeconomics | ||
| 942 |
_2lcc _hHB172 .E44 2020 _cBOOKS |
||
| 999 |
_c31594 _d31594 |
||